| 000 | 00380nam a22001337a 4500 | ||
|---|---|---|---|
| 082 |
_a621.32 _bHOP _cL-14, P-34 |
||
| 100 |
_aHopkinson, R.G, _941829 |
||
| 245 |
_aThe lighting of buildings _cHopkinson, R.G, |
||
| 260 |
_aLondon _bFaber and Faber _c1969 |
||
| 300 |
_a318 p. : _bill, ; _c20 cm. |
||
| 526 |
_a0 _b0 _c0 _d621_320000000000000_HOP |
||
| 650 |
_aMCE _9379 |
||
| 942 |
_2ddc _cBK |
||
| 999 |
_c545854 _d545854 |
||